000 00646nam a2200217 i 4500
001 10808
003 ES-MaACL
007 t|
008 891124s1987 sp ||||0| spa j ..|
015 _a1989-DIC-23595
016 7 _zSAB9000065775
020 _a84-505-5368-7
040 _aM-BN-DP
_bspa
_cM-BN-DP
080 _a725.822(468.17 M.)
245 0 0 _aTeatro Municipal Miguel de Cervantes.
260 _aMálaga :
_bAyuntamiento,
_c1987.
300 _a191 p :
_bil. col. y n., plan ;
_c28x41 cm.
610 2 7 _aTeatro Miguel de Cervantes (Málaga)
_96923
710 1 _aMálaga.
_bAyuntamiento.
_95634
852 _aES-MaACL
_jB-6767
_bR.123530
999 _c10808
_d10808